Control de servicio telefónico en transmisión
Guardado en:
| Hovedforfatter: | |
|---|---|
| Andre forfattere: | , , |
| Format: | Bog |
| Udgivet: |
[San José , Costa Rica]
1974
|
| Tags: |
Tilføj Tag
Ingen Tags, Vær først til at tagge denne postø!
|
MARC
| LEADER | 00000nam a2200000Ia 4500 | ||
|---|---|---|---|
| 003 | PIE076 | ||
| 005 | 20231115114131.0 | ||
| 008 | 140116s1974 c a m 000 ||s d | ||
| 040 | |c cru CEDI | ||
| 090 | |a PIE-76 | ||
| 100 | |a Mena Jiménez, Gerardo |9 16739 | ||
| 245 | |a Control de servicio telefónico en transmisión | ||
| 260 | |a [San José , Costa Rica] |c 1974 | ||
| 300 | |a 46 hojas ;ilustraciones graficos | ||
| 500 | |a A la cabeza de la portada. Universidad de Costa Rica. Facultad de Ingeniería. Escuela de Ingeniería Eléctrica. IE- 410 Proyecto Eléctrico I | ||
| 501 | |a Profesor Guía: Rodolfo Monge Monge | ||
| 700 | |9 14990 |a Morales Buganza, Gerardo | ||
| 700 | |9 16740 |a Muñoz Gómez, Orlando | ||
| 700 | |a Monge. Monge, Rodolfo |d Director de Proyecto Eléctrico |9 1767 | ||
| 942 | |c PIE |h PIE-76 |i PIE076 |6 PIE_76_PIE076 | ||
| 999 | |c 13449 |d 13449 | ||
